000 00399nam a2200145Ia 4500
008 240624s9999 xx 000 0 und d
041 _aeng
082 _a657.42 RAI
100 _aRAIBORN CECILY A
245 _aCOST ACCOUNTING FOUNDATIONS AND EVOLUTIO
250 _a(7th ed.)
260 _c2009
_aAustralia
_bSouth-Western Cengage Learning
300 _axvi, : 776 : p. : cm. ; 27
365 _c
_b30
999 _c14930
_d14930